000 00691cam a2200265 4500
008 090401t1985 xxu||||| |||| 00| 0 eng d
020 _a0408012137
035 _a(Sirsi) u59396
041 _aeng
050 _a721.0212
245 _aPlanning : the architects` handbook
250 _a10th ed.
260 _aLondon
_bButterworths
_c1985
300 _a658p. : ill.,plans ; 30cm.
350 _a60
650 _aARCHITECTS
650 _aARCHITECTURE
650 _aBUILDING CONTROL
_96222
650 _aBUILT ENVIRONMENT-CONSTRUCTION DESIGN
650 _aTECHNICAL DATA
650 _aWORKING DETAILS
700 _aMills, Edward D.
_xEditor
942 _n0
948 _c04/03/1997
999 _c94142
_d94142